請問呂律師 : 關於愛與婚姻的練習題

資料類型: Book 圖書   書目號:51687

Leader xxxxxxxxxx
001 __ 102492/0/01
005 __ 20171120175613.050
010 0_ |a978-986-342-888-6|b平裝|d新臺幣380元
020 __ |atw|b106013798
042 __ |anbic
100 __ |a20171120d2017    km y0chiy50      e
101 0_ |achi
102 __ |atw
105 __ |ay   z   000yy
200 1_ |a請問呂律師|e關於愛與婚姻的練習題|f呂秋遠著
210 __ |a臺北市|c三采文化|d2017[民106]
215 0_ |a335面|d21公分
225 12 |aMind map|v142
517 1_ |a關於愛與婚姻的練習題|zchi
606 __ |2cst|a婚姻
606 __ |2cst|a兩性關係
681 __ |a544.3|b8597
700 _1 |a|b秋遠|4801 _0 |atw|bLibDipper|c20171120|gCCR
詳細館藏(共 1 筆)
索 書 號登 錄 號冊次號館別 / 館藏地流通類型狀態加入預約清單電子資源
544.3 / 8597 1024920  圖書館 / 二樓普通區 可外借30天 在館   

| 條列資料




目錄查詢 分類查詢 個人資料 圖書薦購 新書查詢 閉館日 排行榜 更多電子資源 Hami書城 線上資料庫 登出

From : 216.73.216.116

  本日流通累計至 22:40:39 借閱 : 0 次 續借 : 0 次 歸還 : 0 次 預約 : 0 次 電子資源 : 0 次


內湖高中圖書館  PCLIS 版本  25.5.0.2